On the avifauna of the upper Patia valley, southwestern Colombia (Registro nro. 14613)

Detalles MARC
000 -CABECERA
Campo de control 003080000a22001090004500
090 ## - CLASIFICACIÓN LOCAL
Colección AS
Consecutivo Seriadas
041 0# - IDIOMA
Código de idioma para texto/pista de sonido o título separado
100 1# - ASIENTO PRINCIPAL--NOMBRE PERSONAL
Nombre personal Haffer, Jurgen
245 10 - MENCION DE TITULO
Título On the avifauna of the upper Patia valley, southwestern Colombia
773 1# - Item fuente:
Título Caldasia
Especificación de materiales 45
Descripción física 71-75
Paginas del Articulo 533-553
Lugar, editorial y fecha de publicación 1986
Información sobre la relación 15
942 ## - ELEMENTOS ADICIONALES (KOHA)
Tipo de ítem Artículo

No hay ítems disponibles.